[Event "FRA-chT2 0910"]
[Site "France"]
[Date "2010.01.24"]
[Round "7.8"]
[White "Lemeille, Francois"]
[Black "Rascle, Adeline"]
[Result "1-0"]
[WhiteElo "1933"]
[BlackElo "1558"]
[PlyCount "83"]
[EventDate "2009.09.27"]
[EventType "team-tourn"]
[EventRounds "11"]
[EventCountry "FRA"]
[SourceTitle "EXT 2011"]
[Source "ChessBase"]
[SourceDate "2010.11.26"]
[SourceVersion "1"]
[SourceVersionDate "2010.11.26"]
[SourceQuality "1"]

1. e4 e5 2. Nf3 Nc6 3. Bb5 d6 4. d4 Bd7 5. 0-0 h6 6. Nc3 Nf6 7. Re1 a6 8. Bxc6 Bxc6 9. dxe5 dxe5 10. Qxd8+ Rxd8 11. Nxe5 Bd7 12. Bf4 Bc5 13. Rad1 c6 14. Nd3 Be7 15. Bc7 Rc8 16. Bb6 0-0 17. Nf4 c5 18. e5 Bf5 19. exf6 Bxf6 20. Ne4 Bxb2 21. Nd5 Bxe4 22. Ne7+ Kh8 23. Nxc8 Rxc8 24. Rxe4 Rc6 25. Ba5 b6 26. Rb1 bxa5 27. Rxb2 Rd6 28. g4 Rd2 29. Rc4 Rd5 30. Rb6 Rg5 31. h4 Re5 32. Rxa6 Kh7 33. Rxa5 Kg6 34. Raxc5 Re1+ 35. Kg2 Re6 36. h5+ Kh7 37. Rc7 Rf6 38. Re4 g6 39. Ree7 Kg7 40. c4 gxh5 41. gxh5 Rf5 42. c5 1-0

[Event "FRA-ch U18 Girls"]
[Site "Aix les Bains"]
[Date "2009.04.21"]
[Round "4"]
[White "Jolly, Marie"]
[Black "Rascle, Adeline"]
[Result "1/2-1/2"]
[WhiteElo "1738"]
[BlackElo "1620"]
[PlyCount "73"]
[EventDate "2009.04.19"]
[EventType "swiss"]
[EventRounds "9"]
[EventCountry "FRA"]
[SourceTitle "CBM 130 Extra"]
[Source "ChessBase"]
[SourceDate "2009.07.02"]
[SourceVersion "2"]
[SourceVersionDate "2009.07.15"]
[SourceQuality "1"]

1. d4 d5 2. c4 e6 3. Nc3 c6 4. e3 Nf6 5. Nf3 Nbd7 6. Bd2 Be7 7. cxd5 exd5 8. Bd3 0-0 9. Qc2 Re8 10. 0-0 Nf8 11. a3 Bd6 12. Rfc1 Bg4 13. Ne1 Bh5 14. b4 a6 15. Qb3 Bg6 16. a4 Bxd3 17. Nxd3 Qb8 18. h3 Ne4 19. Be1 h6 20. b5 Nxc3 21. Bxc3 axb5 22. axb5 Rxa1 23. Rxa1 Ne6 24. Bb4 Rc8 25. Bxd6 Qxd6 26. bxc6 bxc6 27. Rc1 Nd8 28. Qc2 Kf8 29. Ne5 Rc7 30. Qf5 g6 31. Qf4 Kg7 32. Qg3 Ne6 33. f4 Qa3 34. Qe1 c5 35. dxc5 Rxc5 36. Rxc5 Qxc5 37. Kh2 1/2-1/2

[Event "FRA-ch U18 Girls"]
[Site "Aix les Bains"]
[Date "2009.04.19"]
[Round "1"]
[White "Rascle, Adeline"]
[Black "Hourlier, Claire"]
[Result "0-1"]
[WhiteElo "1620"]
[BlackElo "1883"]
[PlyCount "49"]
[EventDate "2009.04.19"]
[EventType "swiss"]
[EventRounds "9"]
[EventCountry "FRA"]
[SourceTitle "CBM 130 Extra"]
[Source "ChessBase"]
[SourceDate "2009.07.02"]
[SourceVersion "2"]
[SourceVersionDate "2009.07.15"]
[SourceQuality "1"]

1. e4 c5 2. Nf3 Nc6 3. d4 cxd4 4. Nxd4 g6 5. Be3 Bg7 6. Nc3 Nf6 7. Be2 0-0 8. 0-0 d6 9. Re1 Bd7 10. Nb3 Rb8 11. Rb1 a6 12. Bf3 Ne5 13. Nd4 Nxf3+ 14. Nxf3 Bc6 15. Bc1 b5 16. a3 b4 17. axb4 Rxb4 18. Qd3 Qa8 19. Nd2 Qa7 20. Ra1 Ra8 21. Nb3 Ng4 22. Qe2 Bxc3 23. bxc3 Rxe4 24. Qd1 Qxf2+ 25. Kh1 0-1

[Event "FRA-chT2 North 0809"]
[Site "France"]
[Date "2009.04.04"]
[Round "10.8"]
[White "Andrieux, Louise"]
[Black "Rascle, Adeline"]
[Result "0-1"]
[WhiteElo "1099"]
[BlackElo "1620"]
[PlyCount "56"]
[EventDate "2008.10.19"]
[EventType "tourn"]
[EventRounds "11"]
[EventCountry "FRA"]
[SourceTitle "EXT 2010"]
[Source "ChessBase"]
[SourceDate "2010.11.25"]
[SourceVersion "1"]
[SourceVersionDate "2010.11.25"]
[SourceQuality "1"]
[WhiteTeam "Arras"]
[BlackTeam "Cergy Pontoise"]
[WhiteTeamCountry "FRA"]
[BlackTeamCountry "FRA"]

1. e4 e5 2. d3 Nf6 3. Nf3 Nc6 4. Be2 Bc5 5. 0-0 d6 6. g3 0-0 7. Na3 Be6 8. b3 d5 9. c3 dxe4 10. dxe4 Qxd1 11. Bxd1 Nxe4 12. g4 Nxc3 13. Be2 Nxe2+ 14. Kg2 Nxc1 15. Raxc1 Bxa3 16. Rc2 Bxg4 17. Ng5 h6 18. Re1 hxg5 19. h3 Bf5 20. Re3 Bxc2 21. Re2 Nd4 22. Re1 Rfe8 23. Re4 Bxe4+ 24. Kg3 Nf5+ 25. Kg4 f6 26. b4 Kf7 27. b5 Rh8 28. f3 Rh4# 0-1

[Event "FRA-chT2 North 0809"]
[Site "France"]
[Date "2009.01.17"]
[Round "5.8"]
[White "Rascle, Adeline"]
[Black "Quaegebeur, Jean Marie"]
[Result "1-0"]
[WhiteElo "1620"]
[BlackElo "1499"]
[PlyCount "99"]
[EventDate "2008.10.19"]
[EventType "tourn"]
[EventRounds "11"]
[EventCountry "FRA"]
[SourceTitle "EXT 2010"]
[Source "ChessBase"]
[SourceDate "2010.11.25"]
[SourceVersion "1"]
[SourceVersionDate "2010.11.25"]
[SourceQuality "1"]
[WhiteTeam "Cergy Pontoise"]
[BlackTeam "Henin Beaumont"]
[WhiteTeamCountry "FRA"]
[BlackTeamCountry "FRA"]

1. e4 e6 2. d4 d5 3. Bd3 Nf6 4. Bg5 Be7 5. e5 Nfd7 6. Bxe7 Qxe7 7. Nf3 c5 8. c3 Nc6 9. 0-0 0-0 10. Nbd2 cxd4 11. cxd4 a6 12. Rc1 Nb4 13. Qb3 b5 14. Bb1 Bb7 15. Rc7 Rab8 16. Rxd7 Qxd7 17. Qxb4 Rfc8 18. Qb3 Rc7 19. Qd3 g6 20. Nb3 Rbc8 21. h3 b4 22. Qd2 Qe7 23. Bd3 Kg7 24. Qe2 Rc6 25. Na5 Rb6 26. Nxb7 Qxb7 27. Nd2 a5 28. Nb3 Qa7 29. Nc5 a4 30. Rc1 Rc7 31. Bb5 Qa5 32. Bxa4 Rb8 33. b3 Rbc8 34. Qb5 Qxb5 35. Bxb5 Kf8 36. Bd7 Ra8 37. Nxe6+ fxe6 38. Rxc7 Rxa2 39. Bxe6 Rd2 40. Bxd5 Rxd4 41. Rc5 Ke7 42. Bg8 Rd3 43. Rc4 Kf8 44. Rc8+ Kg7 45. Bc4 Rc3 46. e6 Kf6 47. Rf8+ Kg7 48. e7 Rc1+ 49. Kh2 Re1 50. e8Q 1-0

[Event "FRA-ch U16 Girls"]
[Site "Le Grand Bornand"]
[Date "2007.04.??"]
[Round "1"]
[White "Forestier, Carole"]
[Black "Rascle, Adeline"]
[Result "1-0"]
[WhiteElo "1891"]
[BlackElo "1580"]
[PlyCount "57"]
[EventDate "2007.04.07"]
[EventType "swiss"]
[EventRounds "9"]
[EventCountry "FRA"]
[SourceTitle "CBM 118 Extra"]
[Source "ChessBase"]
[SourceDate "2007.07.04"]
[SourceVersion "1"]
[SourceVersionDate "2007.07.04"]
[SourceQuality "1"]

1. d4 d5 2. Nf3 Nf6 3. c4 e6 4. Nc3 c6 5. e3 Be7 6. Bd3 0-0 7. 0-0 Nbd7 8. Re1 Re8 9. e4 dxc4 10. Bxc4 Nb6 11. Bd3 Bd7 12. a4 a5 13. Bg5 h6 14. Bh4 c5 15. dxc5 Bxc5 16. e5 g5 17. Nxg5 Nfd5 18. Bh7+ Kf8 19. Nxe6+ Rxe6 20. Bxd8 Rxd8 21. Nxd5 Bc6 22. Qc2 Rxd5 23. Rad1 Bxa4 24. b3 Rxd1 25. Rxd1 Bxb3 26. Qxb3 Rxe5 27. Qg3 Ke7 28. Qxe5+ Kf8 29. Rd8# 1-0